[Event "SRI-chB"]
[Site "Colombo"]
[Date "2016.03.21"]
[Round "9"]
[White "Kottahachchy, KOV"]
[Black "Thilakarathne, GM Harshana"]
[Result "0-1"]
[WhiteElo "2058"]
[BlackElo "1991"]
[PlyCount "54"]
[EventDate "2016.03.12"]
[EventType "swiss"]
[EventRounds "10"]
[EventCountry "SRI"]
[SourceTitle "CBM 171 Extra"]
[Source "ChessBase"]
[SourceDate "2016.04.26"]
[SourceVersion "1"]
[SourceVersionDate "2016.04.26"]
[SourceQuality "1"]

1. Nf3 Nf6 2. g3 e6 3. Bg2 d5 4. 0-0 Be7 5. d3 c5 6. Nbd2 b6 7. b3 Bb7 8. Bb2 0-0 9. e3 Nc6 10. Qe2 Qc7 11. e4 Rfe8 12. e5 Nd7 13. Rfe1 b5 14. Nf1 a5 15. h4 a4 16. N1h2 c4 17. bxc4 bxc4 18. d4 c3 19. Bc1 Ba6 20. Qd1 a3 21. Ng5 Bc4 22. Re3 Qb6 23. Nhf3 Nb4 24. Rxc3 Nxa2 25. Re3 Nxc1 26. Qxc1 Qb2 27. Nd2 Qxd4 0-1

[Event "SRI-chB"]
[Site "Colombo"]
[Date "2016.03.13"]
[Round "4"]
[White "Kuruppu, Supun Dasantha"]
[Black "Kottahachchy, KOV"]
[Result "0-1"]
[WhiteElo "1842"]
[BlackElo "2058"]
[PlyCount "76"]
[EventDate "2016.03.12"]
[EventType "swiss"]
[EventRounds "10"]
[EventCountry "SRI"]
[SourceTitle "CBM 171 Extra"]
[Source "ChessBase"]
[SourceDate "2016.04.26"]
[SourceVersion "1"]
[SourceVersionDate "2016.04.26"]
[SourceQuality "1"]

1. d4 Nf6 2. c4 g6 3. Nc3 Bg7 4. e4 d6 5. Nf3 0-0 6. Be2 e5 7. 0-0 Nc6 8. d5 Ne7 9. b4 Ne8 10. c5 f5 11. Nd2 Nf6 12. f3 f4 13. Nc4 g5 14. a4 Rf7 15. Ba3 Ng6 16. b5 Bf8 17. b6 cxb6 18. cxd6 Ne8 19. Qb3 Bd7 20. a5 bxa5 21. Qxb7 h5 22. Qa6 g4 23. Rfb1 Rg7 24. Rb2 Qg5 25. Nb6 axb6 26. Qxa8 Nh4 27. fxg4 f3 28. Bf1 Qe3+ 29. Kh1 Qxc3 30. Qa6 fxg2+ 31. Bxg2 Nxg2 32. Qe2 Nf4 33. Qf1 Bxg4 34. Rf2 Nxd6 35. Bb2 Qb4 36. Re1 Bh3 37. Qg1 Rxg1+ 38. Rxg1+ Bg2+ 0-1

[Event "SRI-ch"]
[Site "Colombo"]
[Date "2014.03.22"]
[Round "10"]
[White "Kottahachchy, KOV"]
[Black "Gunaratne, Mojitha Sathsara"]
[Result "1/2-1/2"]
[WhiteElo "2075"]
[BlackElo "1800"]
[PlyCount "104"]
[EventDate "2014.03.15"]
[EventType "tourn"]
[EventRounds "13"]
[EventCountry "SRI"]
[SourceTitle "EXT 2016"]
[Source "ChessBase"]
[SourceDate "2015.10.08"]
[SourceVersion "1"]
[SourceVersionDate "2015.10.08"]
[SourceQuality "1"]

1. d4 Nf6 2. c4 c5 3. d5 b5 4. cxb5 e6 5. Nc3 a6 6. bxa6 Bxa6 7. e4 Bxf1 8. Kxf1 d6 9. Nf3 Be7 10. g3 0-0 11. Kg2 Nbd7 12. dxe6 fxe6 13. Ng5 Qb6 14. Nxe6 Rfe8 15. Nf4 Qc6 16. f3 Nb6 17. Be3 Kh8 18. Qd3 Nfd7 19. Nfd5 Ne5 20. Qc2 Bf8 21. Nxb6 Qxb6 22. Nd5 Qb7 23. Bd2 Reb8 24. Bc3 Nc4 25. Qe2 Nb6 26. Nxb6 Qxb6 27. Qc4 Ra7 28. Rhe1 Be7 29. f4 Bf6 30. Bxf6 gxf6 31. Re2 Re7 32. Rd1 Rd8 33. b3 Rde8 34. Rde1 Qc6 35. Kf2 Qd7 36. Kg2 Qg4 37. Qc3 Re6 38. Qf3 Qg7 39. Qh5 Qb7 40. Qf3 Qa6 41. Kf2 Qa7 42. Kg2 Qa6 43. h3 d5 44. e5 d4 45. Qd5 Qd3 46. Qc4 Qg6 47. Qxc5 Rg8 48. g4 h5 49. f5 Qxf5 50. Qc1 Qh7 51. Qf4 f5 52. g5 h4 1/2-1/2

[Event "SRI-ch"]
[Site "Colombo"]
[Date "2014.03.21"]
[Round "8"]
[White "Kottahachchy, KOV"]
[Black "Kurukulasuriya, Prasanna"]
[Result "1/2-1/2"]
[WhiteElo "2075"]
[BlackElo "2077"]
[PlyCount "78"]
[EventDate "2014.03.15"]
[EventType "tourn"]
[EventRounds "13"]
[EventCountry "SRI"]
[SourceTitle "EXT 2016"]
[Source "ChessBase"]
[SourceDate "2015.10.08"]
[SourceVersion "1"]
[SourceVersionDate "2015.10.08"]
[SourceQuality "1"]

1. d4 Nf6 2. c4 g6 3. Nc3 Bg7 4. e4 d6 5. Nf3 0-0 6. Be2 e5 7. 0-0 Nc6 8. d5 Ne7 9. Ne1 Nd7 10. Be3 f5 11. f3 f4 12. Bf2 g5 13. Nd3 Rf6 14. c5 Rh6 15. Rc1 a6 16. Qb3 Kh8 17. Na4 Qe8 18. Kh1 b5 19. cxb6 cxb6 20. g4 fxg3 21. Bxg3 b5 22. Nc3 Nf6 23. Rg1 Nh5 24. Qc2 Bf6 25. Nd1 Bd7 26. N3f2 Rc8 27. Qd2 Rxc1 28. Qxc1 Nf4 29. Bxf4 gxf4 30. Ng4 Rg6 31. Nxf6 Rxf6 32. Qc7 Ng6 33. Nf2 Nh4 34. b4 h6 35. a3 Kh7 36. Bd1 h5 37. Be2 Kh6 38. Bd1 Rg6 39. Be2 Qf7 1/2-1/2

[Event "Wch U16"]
[Site "Vung Tau"]
[Date "2008.10.28"]
[Round "9"]
[White "Ralys, Vincas"]
[Black "Kottahachchy, KOV"]
[Result "0-1"]
[WhiteElo "1900"]
[BlackElo "2017"]
[PlyCount "68"]
[EventDate "2008.10.20"]
[EventType "swiss"]
[EventRounds "11"]
[EventCountry "VIE"]
[SourceTitle "EXT 2009"]
[Source "ChessBase"]
[SourceDate "2008.11.26"]
[SourceVersion "1"]
[SourceVersionDate "2008.11.26"]
[SourceQuality "1"]

1. e4 c5 2. Nf3 d6 3. d4 cxd4 4. Nxd4 Nf6 5. Nc3 a6 6. Bc4 e6 7. Bb3 Qc7 8. Be3 Nc6 9. Qe2 Na5 10. 0-0 b5 11. f4 Be7 12. f5 e5 13. Nd5 Nxd5 14. Bxd5 exd4 15. Bxa8 dxe3 16. Bd5 Bf6 17. c3 0-0 18. Qxe3 Bb7 19. Bxb7 Qxb7 20. Qd3 Qc6 21. a4 Nb3 22. Rad1 Be5 23. axb5 Qxb5 24. Qc2 a5 25. Rd5 Qb6+ 26. Kh1 a4 27. Qe2 Rb8 28. Qc4 Nc5 29. Rfd1 Kf8 30. R5d2 Qb5 31. Qd5 Qb7 32. Re1 Qxd5 33. Rxd5 Rxb2 34. h3 a3 0-1

[Event "Wch U16"]
[Site "Vung Tau"]
[Date "2008.10.24"]
[Round "6"]
[White "Kottahachchy, KOV"]
[Black "Nguyen, Van Thanh"]
[Result "0-1"]
[WhiteElo "2017"]
[BlackElo "2200"]
[PlyCount "106"]
[EventDate "2008.10.20"]
[EventType "swiss"]
[EventRounds "11"]
[EventCountry "VIE"]
[SourceTitle "EXT 2009"]
[Source "ChessBase"]
[SourceDate "2008.11.26"]
[SourceVersion "1"]
[SourceVersionDate "2008.11.26"]
[SourceQuality "1"]

1. d4 Nf6 2. c4 e6 3. Nc3 Bb4 4. e3 0-0 5. Bd3 d5 6. Nf3 c5 7. 0-0 cxd4 8. exd4 dxc4 9. Bxc4 b6 10. Qe2 Bb7 11. a3 Bxc3 12. bxc3 Qc7 13. Bd2 Nbd7 14. Bd3 Rfe8 15. Rfe1 Rac8 16. Rac1 Qd6 17. a4 Qd5 18. c4 Qh5 19. Ne5 Qxe2 20. Rxe2 Nxe5 21. Rxe5 Red8 22. Bc3 Nd7 23. Re3 Ba6 24. Bb2 Nb8 25. Bf1 Bb7 26. c5 bxc5 27. dxc5 Bc6 28. a5 Rd2 29. Re2 Rcd8 30. Bc3 R2d5 31. Bb4 Bb5 32. Ree1 Bxf1 33. Kxf1 Nc6 34. Re4 f5 35. Rec4 Rb8 36. Be1 Kf7 37. Ke2 e5 38. Rd1 Ke6 39. f3 Rxd1 40. Kxd1 Rb1+ 41. Kd2 Rb2+ 42. Rc2 Rxc2+ 43. Kxc2 Kd5 44. Bf2 Nxa5 45. Kc3 Nc6 46. Kb3 g6 47. Ka4 Kc4 48. h4 h5 49. Be3 a6 50. Bg1 e4 51. g4 hxg4 52. fxg4 fxg4 53. Ka3 g3 0-1

[Event "Wch U16"]
[Site "Vung Tau"]
[Date "2008.10.21"]
[Round "2"]
[White "Kottahachchy, KOV"]
[Black "Raznikov, Danny"]
[Result "0-1"]
[WhiteElo "2017"]
[BlackElo "2251"]
[PlyCount "86"]
[EventDate "2008.10.20"]
[EventType "swiss"]
[EventRounds "11"]
[EventCountry "VIE"]
[SourceTitle "EXT 2009"]
[Source "ChessBase"]
[SourceDate "2008.11.26"]
[SourceVersion "1"]
[SourceVersionDate "2008.11.26"]
[SourceQuality "1"]

1. d4 Nf6 2. c4 c5 3. Nf3 cxd4 4. Nxd4 b6 5. Nc3 Bb7 6. f3 e6 7. a3 Be7 8. e4 d6 9. Be2 a6 10. Be3 Nbd7 11. 0-0 0-0 12. Rc1 Rc8 13. Re1 Qc7 14. b4 Qb8 15. Qb3 Bd8 16. Bf1 Bc7 17. g3 Rfe8 18. Bf2 Ne5 19. h3 Ng6 20. f4 Qa8 21. Bg2 h5 22. Qc2 h4 23. Qe2 hxg3 24. Bxg3 b5 25. f5 Bb6 26. fxg6 Bxd4+ 27. Bf2 Bxf2+ 28. Qxf2 Rxc4 29. gxf7+ Kxf7 30. Ne2 Bxe4 31. Bxe4 Qxe4 32. Rxc4 bxc4 33. Nf4 Qf5 34. Qd4 d5 35. Ng2 Qxh3 36. Qa7+ Re7 37. Qxa6 e5 38. b5 Ng4 39. Qb6 d4 40. Qc6 Qh2+ 41. Kf1 c3 42. Ke2 Nf6 43. b6 e4 0-1

[Event "Asia-ch U16"]
[Site "Tehran"]
[Date "2008.07.17"]
[Round "2"]
[White "Kottahachchy, KOV"]
[Black "Viani, Antonio Dcunha"]
[Result "1-0"]
[WhiteElo "1967"]
[BlackElo "2114"]
[PlyCount "54"]
[EventDate "2008.07.16"]
[EventType "swiss"]
[EventRounds "9"]
[EventCountry "IRI"]
[SourceTitle "CBM 125 Extra"]
[Source "ChessBase"]
[SourceDate "2008.09.01"]
[SourceVersion "1"]
[SourceVersionDate "2008.09.01"]
[SourceQuality "1"]

1. d4 Nf6 2. c4 g6 3. Nc3 d5 4. Nf3 Bg7 5. Qb3 dxc4 6. Qxc4 0-0 7. e4 a6 8. Bf4 c6 9. Be2 b5 10. Qd3 a5 11. 0-0 Ba6 12. Qc2 Nbd7 13. e5 Nd5 14. Nxd5 cxd5 15. Qc6 Nb6 16. e6 Nc4 17. b3 Qb6 18. exf7+ Kh8 19. Qxd5 Rad8 20. Qg5 Nd6 21. Ne5 Nxf7 22. Nxf7+ Rxf7 23. Be5 Bf6 24. Qg3 b4 25. Bc4 Qa7 26. Bxa6 Rxd4 27. Bc4 Rh4 1-0

[Event "Wch U14"]
[Site "Kemer"]
[Date "2007.11.26"]
[Round "9"]
[White "Kottahachchy, KOV"]
[Black "Sipahioglu, Irmak"]
[Result "0-1"]
[WhiteElo "1799"]
[BlackElo "1955"]
[PlyCount "62"]
[EventDate "2007.11.18"]
[EventType "swiss"]
[EventRounds "11"]
[EventCountry "TUR"]
[SourceTitle "CBM 121 Extra"]
[Source "ChessBase"]
[SourceDate "2008.01.10"]
[SourceVersion "1"]
[SourceVersionDate "2008.01.10"]
[SourceQuality "1"]

1. d4 g6 2. c4 Bg7 3. Nc3 c5 4. d5 Bxc3+ 5. bxc3 f5 6. g3 Nf6 7. Bg2 d6 8. Nf3 Qa5 9. Bb2 b6 10. Nd2 Nbd7 11. 0-0 Ne5 12. a4 Qa6 13. Qb3 Bd7 14. h3 0-0 15. Kh2 Rab8 16. Rfe1 Ne4 17. Bxe4 fxe4 18. Kg2 Qc8 19. Rh1 Bxh3+ 20. Rxh3 Rxf2+ 21. Kxf2 Qxh3 22. Rf1 Rf8+ 23. Ke1 Qxg3+ 24. Kd1 Rxf1+ 25. Nxf1 Qg1 26. Kd2 Qxf1 27. Qb5 Qf4+ 28. Kc2 e3 29. Qe8+ Qf8 30. Qb5 Qf5+ 31. Kb3 Qd7 0-1

[Event "Wch U14"]
[Site "Kemer"]
[Date "2007.11.19"]
[Round "2"]
[White "Mamedov, Zaur"]
[Black "Kottahachchy, KOV"]
[Result "1-0"]
[WhiteElo "2113"]
[BlackElo "1799"]
[PlyCount "79"]
[EventDate "2007.11.18"]
[EventType "swiss"]
[EventRounds "11"]
[EventCountry "TUR"]
[SourceTitle "CBM 121 Extra"]
[Source "ChessBase"]
[SourceDate "2008.01.10"]
[SourceVersion "1"]
[SourceVersionDate "2008.01.10"]
[SourceQuality "1"]

1. e4 c5 2. c3 Qa5 3. Nf3 d6 4. Bc4 Nf6 5. d3 e6 6. 0-0 Be7 7. Qe2 b5 8. Bb3 Bb7 9. e5 dxe5 10. Nxe5 Qb6 11. Bg5 0-0 12. Nd2 Nd5 13. Bxd5 Bxg5 14. Bxb7 Qxb7 15. Ne4 Be7 16. Qf3 Qd5 17. Nd2 Qxf3 18. Ndxf3 f6 19. Ng4 Nc6 20. Rfe1 Kf7 21. Kf1 Rfd8 22. Ke2 Rd7 23. Ne3 Rb8 24. Red1 g6 25. h4 Bf8 26. g4 e5 27. h5 Ke6 28. Nh4 Kf7 29. Rh1 Rbd8 30. Rad1 Kg7 31. Rh3 b4 32. c4 Nd4+ 33. Kf1 Be7 34. Nd5 Ne6 35. Ng2 a5 36. Nge3 Nc7 37. Kg2 f5 38. hxg6 hxg6 39. gxf5 gxf5 40. Nxf5+ 1-0